00936nam a22002417a 450000500170000001000150001702000260003203500130005803700130007108200120008424501810009625000110027726000440028827000690033230000330040150000400043470000190047470000160049370000170050994200260052699900170055295201250056920130913143756.0 aENG-108149 a9798170580255c200.00 aEN-91682 bDBAD/PUB a181.499 aSri Aurobindo and the freedom of India :cedited by Chanda Poddar, Mona Sarkar [and] Bob Zwickerbselection from the works of Sri Auorbindo with supplymentary notes and texts / a2nd ed aPondicherrybSri Aurobindo Ashramc2012 bPondicherrye605002aSri Aurobindo Ashram Publication Department axix,280p. :c20cm(pbk)bill. aIncludes bibliographical references aPoddar, Chanda aMona Sarkar aZwicker, Bob 2ddccENmAURh181.499 c78074d78074 001040718NFICaDBADbDBADd2013-07-26eDBAD/PUBg200.00l0o181.499 AURpEN-91682r2013-07-26 00:00:00t1v200.00yEN